<?xml version="1.0" encoding="UTF-8"?>
<record
    xmlns:xsi="http://www.w3.org/2001/XMLSchema-instance"
    xsi:schemaLocation="http://www.loc.gov/MARC21/slim http://www.loc.gov/standards/marcxml/schema/MARC21slim.xsd"
    xmlns="http://www.loc.gov/MARC21/slim">

  <leader>00501    a2200157   4500</leader>
  <controlfield tag="005">20250607104022.0</controlfield>
  <datafield tag="020" ind1=" " ind2=" ">
    <subfield code="a">0-538-87831-2</subfield>
  </datafield>
  <datafield tag="082" ind1=" " ind2=" ">
    <subfield code="a">T E A  LECT  658.5  MAR</subfield>
  </datafield>
  <datafield tag="100" ind1=" " ind2=" ">
    <subfield code="a">MARKLAND, R . E   </subfield>
  </datafield>
  <datafield tag="245" ind1=" " ind2=" ">
    <subfield code="a">Operations Management: Concept in Manufacturing and Services</subfield>
  </datafield>
  <datafield tag="250" ind1=" " ind2=" ">
    <subfield code="a">2nd Ed.</subfield>
  </datafield>
  <datafield tag="260" ind1=" " ind2=" ">
    <subfield code="a">St Paul,</subfield>
    <subfield code="b">South-Western,</subfield>
    <subfield code="c">28cm.</subfield>
  </datafield>
  <datafield tag="300" ind1=" " ind2=" ">
    <subfield code="a">xxxii, 946p.: ill.;  figure, picture,  table,</subfield>
    <subfield code="b">glossary  &amp;  index,</subfield>
    <subfield code="c">28cm</subfield>
  </datafield>
  <datafield tag="700" ind1=" " ind2=" ">
    <subfield code="a">VICKERY, S . K .   &amp;DAVIS, R . A .</subfield>
  </datafield>
  <datafield tag="942" ind1=" " ind2=" ">
    <subfield code="2">ddc</subfield>
    <subfield code="c">BKS</subfield>
  </datafield>
  <datafield tag="999" ind1=" " ind2=" ">
    <subfield code="c">3418</subfield>
    <subfield code="d">3418</subfield>
  </datafield>
  <datafield tag="952" ind1=" " ind2=" ">
    <subfield code="r">2025-06-07 10:56:53</subfield>
    <subfield code="l">0</subfield>
    <subfield code="o">T E A  LECT  658.5  MAR</subfield>
    <subfield code="p">00000011540</subfield>
    <subfield code="v">334125.00</subfield>
    <subfield code="w">2025-06-07</subfield>
    <subfield code="y">BKS</subfield>
    <subfield code="1">0</subfield>
    <subfield code="2">ddc</subfield>
    <subfield code="4">0</subfield>
    <subfield code="7">0</subfield>
    <subfield code="0">0</subfield>
    <subfield code="a">CBEML</subfield>
    <subfield code="b">CBEML</subfield>
    <subfield code="c">GEN</subfield>
    <subfield code="d">2005-04-22</subfield>
    <subfield code="g">111375.00</subfield>
  </datafield>
  <datafield tag="952" ind1=" " ind2=" ">
    <subfield code="r">2025-06-07 10:56:53</subfield>
    <subfield code="l">0</subfield>
    <subfield code="o">T E A  LECT  658.5  MAR</subfield>
    <subfield code="p">00000011541</subfield>
    <subfield code="v">334125.00</subfield>
    <subfield code="w">2025-06-07</subfield>
    <subfield code="y">BKS</subfield>
    <subfield code="1">0</subfield>
    <subfield code="2">ddc</subfield>
    <subfield code="4">0</subfield>
    <subfield code="7">0</subfield>
    <subfield code="0">0</subfield>
    <subfield code="a">CBEML</subfield>
    <subfield code="b">CBEML</subfield>
    <subfield code="c">GEN</subfield>
    <subfield code="d">2005-04-22</subfield>
    <subfield code="g">111375.00</subfield>
  </datafield>
  <datafield tag="952" ind1=" " ind2=" ">
    <subfield code="r">2025-06-07 10:56:53</subfield>
    <subfield code="l">0</subfield>
    <subfield code="o">T E A  LECT  658.5  MAR</subfield>
    <subfield code="p">00000011542</subfield>
    <subfield code="v">334125.00</subfield>
    <subfield code="w">2025-06-07</subfield>
    <subfield code="y">BKS</subfield>
    <subfield code="1">0</subfield>
    <subfield code="2">ddc</subfield>
    <subfield code="4">0</subfield>
    <subfield code="7">0</subfield>
    <subfield code="0">0</subfield>
    <subfield code="a">CBEML</subfield>
    <subfield code="b">CBEML</subfield>
    <subfield code="c">GEN</subfield>
    <subfield code="d">2005-04-22</subfield>
    <subfield code="g">111375.00</subfield>
  </datafield>
</record>
